000 01499cam a22002295a 4500
001 L139757
008 070807s2007 xxk f 001 0 eng d
020 _a9781842192922
035 _a(Sirsi) u139757
041 0 _aeng
050 0 4 _a333.0062 $2 18
110 2 _aRoyal Institution of Chartered Surveyors
_94900
245 0 0 _aRoyal charter and bye-laws 1973 (amended 1975, 1977, 1978, 1980, 1981, 1985, 1986, 1988, 1990, 1993, 1995, 1998, 1999, 2000, 2002, 2003, 2006 and 2007)
_h[archived]
260 _aLondon
_bRICS
_c2007
300 _a42p.
_c30cm.
505 2 _aSupplemental charter 1973 -- Orders in Council -- Bye-laws: Section I, Definitions -- Section II, Members and attached classes -- Section III, Designations -- Section IV, Contributions to the funds -- Section V, Conduct -- Section VI, The members of Governing Council, officers and staff -- Section VII, Strategy and Resources Board, Audit Committee, junior organisation groups and other subordinate bodies -- Section VIII, Professional sections and associated matters -- Section IX, Constituencies -- Section X, Procedural matters -- Section XI, Accounts and professional auditors -- Section XII, General
520 _aSupersedes 2006 edition (ISBN 9781842192922). Incorporates all amendments up to and including those allowed by the Privy Council on 14 December 2006.
590 _aKA
651 4 _aUnited Kingdom
690 _aABOUT RICS-RICS STRUCTURE AND GOVERNANCE-RICS ROYAL CHARTER AND BYE-LAWS
942 _n0
_2ddc
999 _c107339
_d107339